| 000 | 00907cam a2200253 i 4500 | ||
|---|---|---|---|
| 001 | bg | ||
| 003 | KOSZ 005 | ||
| 005 | 20200408130907.0 | ||
| 008 | 990909s1993 pl f f |000 0 pol c | ||
| 020 | _a8301024402 | ||
| 040 |
_cKOSZ 005/HR _aKOSZ 005/HR _dKOSZ 005/HR |
||
| 080 | _a517 | ||
| 080 | _a(075.8+076) | ||
| 100 | 1 |
_aKrysicki, Włodzimierz _d(1905-2001) _eAutor |
|
| 245 | 1 | 0 |
_aAnaliza matematyczna w zadaniach. _nCz. 2 / _cWłodzimierz Krysicki, Lech Włodarski. |
| 250 | _aWyd. 18. | ||
| 260 |
_aWarszawa : _bWydawnictwo Naukowe PWN, _c1993. |
||
| 300 |
_a491, [1] s. : _brys., wykr. ; _c24 cm. |
||
| 655 | 4 | _aĆwiczenia i zadania dla szkół wyższych | |
| 650 | 4 | _aAnaliza matematyczna | |
| 700 | 1 |
_aWłodarski, Lech _d(1916-1997) _eAutor |
|
| 856 |
_uhttp://koha.tu.koszalin.pl/cgi-bin/koha/opac-detail.pl?biblionumber=24343 _yKatalog online BPK |
||
| 942 |
_cKS _2UKD |
||
| 999 |
_c24343 _d24343 |
||